000 00429nam a2200181Ia 4500
001 14039
005 20260306164845.0
008 260306t2015||||xx |||||||||||||| ||spa||
041 _aESP
082 _a006.3
_bE341
100 _aEiben, A. E.
_eAUT
245 0 _aIntroduction to evolutionary computing
260 _c2015
300 _a287 páginas :
_c24 cm.
650 _aGEN
654 _aCCC
942 _cLIB
_dJUS
_fJUS
_2ddc
_n
999 _c14039
_d14039